MARC

LEADER 00000nas a2200000 a 4500
001 ssj0005496
003 WaSeSS
005 20200512172242.0
006 m d
007 cr n
008 990629c19889999enkbx pss 0 a0eng c
010 |a  00238103   |z  2001227344 
015 |a GBB351285  |2 bnb 
016 7 |a 1501859-3  |2 DE-600 
016 7 |a 013345721  |2 Uk 
022 |a 1099-1379  |l 0894-3796  |y 0894-3796 
035 |a (WaSeSS)ssj0005496 
040 |a DLM  |b eng  |c DLM  |d IUL  |d NSD  |d EYM  |d OCLCQ  |d IUL  |d OCLCQ  |d UKMGB  |d OCLCQ  |d OCLCO  |d OCLCQ  |d OCLCF  |d OCLCO  |d VT2  |d OCLCQ  |d OCLCE  |d GUA  |d OCLCQ  |d OCLCO  |d OCLCQ  |d OCLCO  |d OCLCQ  |d DEBBG  |d WT2  |d OCLCO  |d ZAC  |d OCLCA  |d NLE  |d OCLCA  |d OCLCQ  |d GILDS  |d OCLCO  |d U3W  |d OCLCQ  |d WYU  |d OCLCA  |d AUD  |d OCLCQ  |d CNTRU  |d NJT  |d OCLCO  |d OCLCA  |d OCLCQ  |d OCLCA  |d OCLCQ  |d OCLCA  |d WaSeSS 
042 |a pcc  |a nsdp  |a dlr 
050 1 4 |a HD6951  |b .J682 
060 0 0 |a W1  |b JO804LK 
082 1 0 |a 158  |2 13 
130 0 |a Journal of organizational behavior (Online) 
210 0 |a J. organ. behav.  |b (Online) 
222 0 |a Journal of organizational behavior  |b (Online) 
245 1 0 |a Journal of organizational behavior  |h [electronic resource]. 
246 3 0 |a Organizational behavior 
246 1 3 |a OB  |f 1988- 
260 |a Chichester :  |b John Wiley & Sons,  |c 1988- 
310 |a 8 no. a year,  |b 2000- 
321 |a Quarterly,  |b 1988-1989 
321 |a Six no. a year,  |b 1990- 
321 |a Seven no. a year,  |b -1999 
362 0 |a Vol. 9, no. 1 (Jan. 1988)- 
500 |a Title from PDF image (JSTOR, viewed: Feb. 24, 2006). 
506 |a License restrictions may limit access. 
525 |a Supplements accompany some issues. 
538 |a Master and use copy. Digital master created according to Benchmark for Faithful Digital Reproductions of Monographs and Serials, Version 1. Digital Library Federation, December 2002.  |u http://purl.oclc.org/DLF/benchrepro0212  |5 MiAaHDL 
538 |a Mode of access: World Wide Web. 
583 1 |a digitized  |c 2011  |h HathiTrust Digital Library  |l committed to preserve  |2 pda  |5 MiAaHDL 
588 1 |a Vol. 27, issue 2 (Mar. 2006); Wiley InterScience, viewed: Feb. 24, 2006. 
650 0 |a Industrial sociology  |v Periodicals. 
650 0 |a Organizational behavior  |v Periodicals. 
650 0 |a Psychology, Industrial  |v Periodicals. 
650 2 |a Job Satisfaction. 
650 2 |a Personnel Management. 
650 2 |a Psychology, Industrial. 
650 6 |a Sociologie industrielle  |v Périodiques. 
650 6 |a Comportement organisationnel  |v Périodiques. 
650 6 |a Psychologie du travail  |v Périodiques. 
650 7 |a Industrial sociology.  |2 fast  |0 (OCoLC)fst00971738 
650 7 |a Organizational behavior.  |2 fast  |0 (OCoLC)fst01047801 
650 7 |a Psychology, Industrial.  |2 fast  |0 (OCoLC)fst01081592 
655 0 |a Electronic journals. 
770 0 |t Trends in organizational behavior 
776 0 8 |i Print version:  |t Journal of organizational behavior  |x 0894-3796  |w (DLC) 88648174  |w (OCoLC)16060737 
780 0 0 |t Journal of occupational behaviour (Online)  |w (DLC) 2001227343  |w (OCoLC)48415623 
853 2 0 |8 1  |a v.  |b issue  |u 8  |v r  |i (year)  |j (month)  |w 8  |x 02  |y om01,04,07,10 
856 4 0 |z Full text available from Research Library: 01/01/1999 to 08/31/2005  |u https://search.proquest.com/publication/47892 
863 4 1 |8 1.1  |a <27>  |b <2>  |i <2006>  |j <03>